00330nam a2200121Ia 4500008004100000020001800041041000800059082003200067100002400099245003100123260004500154300000900199230411s9999 xx 000 0 und d a1-85996-076-6 aeng aMS/610.73677/GRA/SEV/B05910 aGrandy K & Severn A aKey Topics in Chronic Pain bBIOS Scientific PublishersaOxfordc1997 a194p